000
00239nam a2200097Ia 4500
001
681524
005
20250826161401.0
008
250824s9999 xx 000 0 und d
245
0
_a
OLIVER TWIST
_c
CHARLES DICKENS
260
_b
KARATAY GENÇLİK
999
_c
681524
_d
681524